Meet Tiny Titans East! / by Eisner Winners Art ... Read More
Available copies
- 1 of 1 copy available at LARL/NWRL Consortium.
- 1 of 1 copy available at Lake Agassiz Regional Library. (Show preferred library)
Current holds
0 current holds with 1 total copy.
Show Only Available Copies
| Location | Call Number / Copy Notes | Barcode | Shelving Location | Status | Due Date |
|---|---|---|---|---|---|
| Moorhead Public Library | J G BAL (Text) | 33500011621448 | Main | Available | - |
Record details
- ISBN: 9781434246967 (library binding)
- ISBN: 1434246965 (library binding)
- Physical Description: 25 p. : col. ill. ; 27 cm.
- Publisher: North Mankato, Minn. : Stone Arch Books, 2013.
Content descriptions
| General Note: | "A Capstone imprint"--T.p. verso. "First published by DC Comics." "Eisner Award Winner: Best Publication for Kids"--Cover. |
| Summary, etc.: | A group of Tiny Titans from the East side of the ... Read More |
| Target Audience Note: | 006-009. RL: 2.5. GRL: K. |
Search for related items by subject
| Genre: | Graphic novels. Superhero comic books, strips, etc. |
Search for related items by series
| LDR | 02063cam a2200517 a 4500 | ||
|---|---|---|---|
| 001 | 159405 | ||
| 003 | LARL_NWRL_CONSORTIUM | ||
| 005 | 20131126090452.0 | ||
| 008 | 120910s2013 mnua b 6 000 1 eng c | ||
| 020 | . | ‡a9781434246967 (library binding) | |
| 020 | . | ‡a1434246965 (library binding) | |
| 035 | . | ‡a(OCoLC)808216627 | |
| 042 | . | ‡alcac ‡apcc | |
| 082 | 0 | 0. | ‡a741.5/973 ‡223 |
| 100 | 1 | . | ‡aBaltazar, Art. ‡0(LARL_NWRL_CONSORTIUM)202602 |
| 245 | 1 | 0. | ‡aMeet Tiny Titans East! / ‡cby Eisner Winners Art Baltazar & Franco. |
| 260 | . | ‡aNorth Mankato, Minn. : ‡bStone Arch Books, ‡c2013. | |
| 300 | . | ‡a25 p. : ‡bcol. ill. ; ‡c27 cm. | |
| 490 | 0 | . | ‡aTiny Titans |
| 500 | . | ‡a"A Capstone imprint"--T.p. verso. | |
| 500 | . | ‡a"First published by DC Comics." | |
| 500 | . | ‡a"Eisner Award Winner: Best Publication for Kids"--Cover. | |
| 521 | 1 | . | ‡a006-009. |
| 521 | 0 | . | ‡aRL: 2.5. |
| 521 | 0 | . | ‡aGRL: K. |
| 520 | . | ‡aA group of Tiny Titans from the East side of the playground are coming to visit the originals, but they are definitely not heroes. | |
| 650 | 1. | ‡aGraphic novels. ‡0(LARL_NWRL_CONSORTIUM)40036 | |
| 650 | 1. | ‡aSuperheroes ‡vFiction. | |
| 650 | 1. | ‡aHumorous stories. ‡0(LARL_NWRL_CONSORTIUM)22555 | |
| 650 | 0. | ‡aTiny Titans (Fictitious characters) ‡vComic books, strips, etc. ‡vJuvenile fiction. | |
| 650 | 0. | ‡aSuperheroes ‡vComic books, strips, etc. ‡vJuvenile fiction. | |
| 650 | 0. | ‡aPlaygrounds ‡vComic books, strips, etc. ‡vJuvenile fiction. | |
| 655 | 0. | ‡aGraphic novels. | |
| 655 | 7. | ‡aSuperhero comic books, strips, etc. ‡2gsafd | |
| 700 | 1 | . | ‡aAureliani, Franco. ‡0(LARL_NWRL_CONSORTIUM)202603 |
| 901 | . | ‡a159405 ‡bOCLC ‡c159405 ‡tbiblio | |

Add to basket
Permalink
Disable Highlighting